1707 1896 1352 1998 1512 1230 1899 1696 1045 1713 1063 1899 1253 1800 1333 1540 1909 1575 1782 1054 1818 1388 1007 1637 1987 1764 1271 1604 1280 1857 1972 1653 1833 1141 1801 1908 1481 1335 1380 1541 1321 1417 1967 1117 1425 1860 1371 1276 1740 1818 1614 1158 1020 1582 1465 1767 1427 1379 1206 1639 1470 1027 1010 1044 1723 1290 1586 1431 1943 1006 1135 1193 1959 1955 1069 1796 1092 1380 1128 1853 1286 1186 1591 1479 1630 1941 1259 1327 1708 1383 1876 1316 1002 1070 1120 1981 1065 1278 1784 BCNSPRNW ULIB Ver.6.0+V

เปลี่ยนเป็นภาษาไทย

Change to English
 แสดงรายละเอียดบรรณานุกรม
  กลับหน้าหลัก

Brief Record : Get Marc (ISO 2709) : E-mail record : QR code < ปิดหน้าต่าง
LEADER : 00000nam 2200000uu 4500
001    13399111229
003     ULIB
008    110620s||||||||th 000 0 tha d
020    9789748420516
050  4 BF637.54^bด897ค 2550
100 1  ไลเบอร์แมน, เดวิด เจ
245 10 คู่มือจูงใจคนให้เปลี่ยนแปลงตัวเอง =^bHow to change anybody/^cDavid J. Lieberman ; พูนลาภ อุทัยเลิศอรุณ, แปลและเรียบเรียง
246 31 How to change anybody
250    พิมพ์ครั้งที่ 3
260    กรุงเทพฯ :^bวีเลิร์น,^c2550
300    252 หน้า :^bภาพประกอบ ;^c21 ซม.
650  7 ความขัดแย้งระหว่างบุคคล
650  7 อารมณ์^xแง่จิตวิทยา
650  7 การปรับตัว (จิตวิทยา)
650  7 การบริหารความขัดแย้ง
700 0  พูนลาภ อุทัยเลิศอรุณ,^eแปล
700 12 Lieberman, David J..^tHow to change anybody
945    ^p169^l0^i023325
995    ทศพร
999 ^a ใช้งานได้ทุกระบบ
รายการนี้ยังไม่มีแท็ก
คุณยังไม่ได้ล็อกอิน คุณสามารถมีกิจกรรมร่วมกับเว็บไซต์ได้ แต่ต้องล็อกอินก่อน ::
  ล็อกอิน

รายการสื่อสารสนเทศ

ลำดับที่ ประเภท เลขเรียก/บาร์โค้ด สถานที่ สถานะ
- ไม่พบข้อมูล -

รายการใกล้เคียง
    หัวเรื่อง [การปรับตัว (จิตวิทยา)]
    หัวเรื่อง [การบริหารความขัดแย้ง]

BibComment


ยังไม่เคยถูกคอมเมนท์

คอมเมนท์ทรัพยากรรายการนี้
  คอมเมนท์: คู่มือจูงใจคนให้เ..


 Copyright 2026. Bcnsprnw @Library